Normal view
MARC view
- الفقه الشافعي-العبادات-الفقه الإسلامي
Entry Topical Term
001 - CONTROL NUMBER
- control field: 30537
003 - CONTROL NUMBER IDENTIFIER
- control field: JO-AjAnu
005 - DATE AND TIME OF LATEST TRANSACTION
- control field: 20230606075142.0
008 - FIXED-LENGTH DATA ELEMENTS
- fixed length control field: 230606|| aca||aabn | a|a d
040 ## - CATALOGING SOURCE
- Original cataloging agency: JO-AjAnu
- Transcribing agency: JO-AjAnu
150 ## - HEADING--TOPICAL TERM
- Topical term or geographic name entry element: الفقه الشافعي-العبادات-الفقه الإسلامي
670 ## - SOURCE DATA FOUND
- Source citation: Work cat.: (JO-AjAnu)15684: العيطة،دريسة, author 30536, فقه العبادات على المذهب الشافعي